[Event "RUS-chT 14th"]
[Site "Sochi"]
[Date "2007.05.08"]
[Round "7"]
[White "Riazantsev, Alexander"]
[Black "Yakovich, Yuri"]
[Result "1/2-1/2"]
[WhiteElo "2621"]
[BlackElo "2600"]
[PlyCount "52"]
[EventDate "2007.05.02"]
[EventType "team-tourn"]
[EventRounds "9"]
[EventCountry "RUS"]
[SourceTitle "EXT 2020"]
[Source "ChessBase"]
[SourceDate "2019.10.17"]
[SourceVersion "1"]
[SourceVersionDate "2019.10.17"]
[SourceQuality "1"]
[WhiteTeam "Chelyabinsk South Ural"]
[BlackTeam "Nizhny Tagil Politekhnik"]
[WhiteTeamCountry "RUS"]
[BlackTeamCountry "RUS"]

1. d4 d5 2. c4 e6 3. Nf3 c6 4. Nbd2 Nf6 5. e3 c5 6. dxc5 Bxc5 7. a3 a5 8. b3 ({RR} 8. Qc2 O-O 9. b3 b6 10. Bb2 Bb7 11. Bd3 Nbd7 12. cxd5 exd5 13. Bd4 Bxd4 14. Nxd4 Ne5 15. Be2 Ne4 16. O-O Qc8 17. Qa2 Nc3 18. Qb2 Nxe2+ 19. Nxe2 Nd3 20. Qb1 Ba6 21. Rd1 Re8 22. Nf3 Ne5 {Duda,J (2731)-Navara,D (2739) Prague 2019 1-0 (40)}) 8... O-O 9. Bb2 b6 $146 ({RR} 9... Nc6 10. Be2 d4 11. exd4 Nxd4 12. O-O Nxe2+ 13. Qxe2 Bd7 14. Ne5 Qe7 15. Nxd7 Qxd7 16. Ne4 Nxe4 17. Qxe4 Qc6 18. Qg4 f6 19. Rad1 Be7 20. Rfe1 Rad8 21. Rxd8 Rxd8 22. Rxe6 h5 23. Qe2 Rd1+ 24. Qxd1 {Maly,A (2371)-Lagunow,R (2378) Chess.com INT 2021 1-0 (35)}) ({RR} 9... Nc6 10. cxd5 exd5 11. Qc2 Qe7 12. Be2 Ng4 13. Qc3 f6 14. h3 Nge5 15. O-O Bf5 16. Nxe5 fxe5 17. Bf3 Be6 18. Rfc1 Bd6 19. Nf1 Rac8 20. Qd2 Kh8 21. Bxd5 Bxd5 22. Qxd5 Rf6 23. b4 axb4 24. axb4 {Shuvalov,E (1993)-Turzo,A (2267) chess.com INT 2024 1-0 (32)}) 10. Bd3 Bb7 11. O-O Nbd7 12. Qe2 Qe7 13. cxd5 exd5 14. Nd4 Ne5 15. Bb5 Ne4 16. N2f3 Nxf3+ 17. gxf3 Bxd4 18. Bxd4 Nc5 19. Qb2 Ne6 20. Rad1 Rac8 21. Kh1 Nxd4 22. Rxd4 Rc5 23. Bd3 Qf6 24. f4 Rfc8 25. b4 Rc3 26. Rd1 a4 1/2-1/2

[Event "Airthings Masters Play-In"]
[Site "chess.com INT"]
[Date "2023.02.03"]
[Round "8"]
[White "Andreikin, D."]
[Black "Safarli, E."]
[Result "1-0"]
[WhiteElo "2729"]
[BlackElo "2608"]
[PlyCount "51"]
[EventDate "2023.02.03"]

1. Nf3 Nf6 2. c4 e6 3. d4 d5 4. e3 c5 5. cxd5 exd5 6. Bb5+ Bd7 7. Bxd7+ Nbxd7 8. dxc5 Bxc5 9. O-O O-O 10. b3 Qe7 ({RR} 10... Re8 11. Nc3 Nf8 12. Bb2 Rc8 13. Qd3 Ne6 14. Na4 Be7 15. Rfd1 Qd7 16. h3 Red8 17. Rac1 Rxc1 18. Rxc1 Ne4 19. Rc2 h6 20. Nc3 N4c5 21. Qf5 g6 22. Qe5 Nd3 23. Qg3 Nxb2 24. Rxb2 Bf6 25. Rc2 {Erigaisi,A (2775)-Vachier Lagrave,M (2720) chess.com INT 2026 ½-½ (77)}) 11. Nc3 Qe6 $146 ({RR} 11... Nb6 12. Bb2 Ba3 13. Bxa3 Qxa3 14. Nb5 Qb4 15. a4 Rfc8 16. Qd4 Qxb3 17. Nd6 Rc6 18. Qf4 Qc3 19. Nd4 Rc5 20. N6f5 Nbd7 21. Rab1 b6 22. g4 Rd8 23. Rb3 Qd2 24. g5 Ne8 25. Ne7+ Kh8 26. Qxf7 {Garcia Palermo,C (2450)-De la Villa Garcia,J (2496) Benasque 2010 1-0 (37)}) 12. Bb2 a6 13. Ne2 Rac8 14. Qd3 Bd6 15. Ned4 Qe4 16. Rad1 Ne5 17. Qxe4 dxe4 18. Nf5 Nxf3+ 19. gxf3 Bc5 20. fxe4 Nxe4 21. Bxg7 Rfd8 22. Kg2 Nd6 23. Bf6 Nxf5 24. Rxd8+ Rxd8 25. Bxd8 Kf8 26. Rd1 1-0

[Event "Clash of Claims 2024"]
[Site "Madrid ESP"]
[Date "2024.06.09"]
[Round "29"]
[White "Kramnik, V."]
[Black "Martinez Alcantara, Jose Eduardo"]
[Result "0-1"]
[WhiteElo "2753"]
[BlackElo "2612"]
[PlyCount "52"]
[EventDate "2024.06.07"]

1. d4 d5 2. c4 e6 3. Nf3 Nf6 4. g3 Bb4+ 5. Bd2 a5 6. Bg2 O-O 7. Qc2 Be7 8. O-O Nbd7 9. Bg5 h6 10. Bxf6 Nxf6 11. Rd1 c6 12. Nc3 ({RR} 12. Nbd2 a4 13. a3 Qa5 14. Rac1 Rd8 15. Ne5 Bd7 16. e3 Be8 17. Nd3 Rac8 18. Qc3 Qa7 19. Nf3 b6 20. Qe1 c5 21. cxd5 Nxd5 22. Nde5 b5 23. dxc5 Bxc5 24. Nd4 Qb6 25. Nc2 Bd6 26. Nd3 Bc6 {Kramnik,V (2753)-Martinez Alcantara,J (2612) Madrid ESP 2024 0-1 (52)}) 12... a4 $146 ({RR} 12... dxc4 13. Ne5 Nd5 14. a3 Bf6 15. Nxc4 b6 16. e4 Nxc3 17. bxc3 Ba6 18. Ne3 Qc7 19. Rab1 Rfd8 20. a4 Rac8 21. e5 Be7 22. Qe4 b5 23. axb5 cxb5 24. d5 Qxc3 25. d6 Bf8 26. Qf4 b4 27. h4 {Di Benedetto,G (2289)-Matyakubov,M (2177) chess.com INT 2026 0-1 (32)}) 13. cxd5 cxd5 14. Nxa4 Qa5 15. Nc3 Bd7 16. Ne5 Rfc8 17. Qb3 Be8 18. Nd3 Ne4 19. Nxe4 Ba4 20. Qxb7 Bxd1 21. Qxe7 Bxe2 22. Nec5 Bxd3 23. Nxd3 Ra7 24. Qd6 Qa4 25. Qf4 Rac7 26. Bf1 Qa5 0-1

[Event "Moscow Aeroflot op-A 11th"]
[Site "Moscow"]
[Date "2012.02.11"]
[Round "5"]
[White "Tomashevsky, Evgeny"]
[Black "Korobov, Anton"]
[Result "1/2-1/2"]
[WhiteElo "2740"]
[BlackElo "2660"]
[PlyCount "49"]
[EventDate "2012.02.07"]
[EventType "swiss"]
[EventRounds "9"]
[EventCountry "RUS"]
[SourceTitle "CBM 147"]
[Source "ChessBase"]
[SourceDate "2012.03.16"]
[SourceVersion "1"]
[SourceVersionDate "2012.03.16"]
[SourceQuality "1"]

1. d4 d5 2. c4 c6 3. Nf3 Nf6 4. e3 e6 5. Bd3 Nbd7 6. b3 b6 7. O-O Bb7 8. Bb2 Bd6 9. Nbd2 O-O 10. Qe2 Qe7 11. Rad1 Rad8 12. Ne5 c5 13. cxd5 ({RR} 13. f4 cxd4 14. exd4 g6 15. a4 Nh5 16. cxd5 Bxd5 17. Ndc4 Ndf6 18. Nxd6 Qxd6 19. Nc4 Qb8 20. Qe5 Qa8 21. Rd2 Be4 22. Bxe4 Qxe4 23. Ba3 Rd5 24. Qxe4 Nxe4 25. Re2 Rxd4 26. Bxf8 Kxf8 27. Re3 Nhf6 {Carlsen,M (2862)-Duda,J (2743) chess24.com INT 2020 1-0 (49)}) 13... exd5 14. f4 cxd4 $146 ({RR} 14... Ne4 15. Nxe4 dxe4 16. Bc4 cxd4 17. Bxd4 Nxe5 18. fxe5 Bc5 19. Bxc5 bxc5 20. Rxd8 Qxd8 21. Qg4 Bc8 22. e6 fxe6 23. Bxe6+ Bxe6 24. Qxe6+ Kh8 25. Rxf8+ Qxf8 26. Qxe4 h6 27. Qe5 Qd8 28. Qxc5 Qd1+ 29. Kf2 {Tomashevsky,E (2715)-Porper,E (2444) Caleta 2014 1-0 (68)}) 15. exd4 Bb4 16. f5 Rc8 17. Ndf3 Rfe8 18. Kh1 Qd6 19. Rc1 Rxc1 20. Rxc1 Ne4 21. Bxe4 dxe4 22. Ng5 Nxe5 23. dxe5 Qh6 24. e6 fxe6 25. Rc7 1/2-1/2

[Event "Titled Tue 20th Jan 2026"]
[Site "chess.com INT"]
[Date "2026.01.20"]
[Round "8"]
[White "Andreikin, D."]
[Black "Ter Sahakyan, S."]
[Result "1-0"]
[WhiteElo "2710"]
[BlackElo "2613"]
[PlyCount "49"]
[EventDate "2026.01.20"]

1. d4 Nf6 2. c4 e6 3. Nf3 d5 4. Bg5 dxc4 5. e4 c5 6. Nc3 cxd4 7. Qxd4 Qxd4 8. Nxd4 a6 9. Bxc4 Bb4 10. f3 Bd7 11. Rc1 Nc6 12. Nb3 Ne5 $146 ({RR} 12... Na5 13. Nxa5 Bxa5 14. Kf2 h6 15. Be3 Rc8 16. Be2 Bxc3 17. Rxc3 Rxc3 18. bxc3 e5 19. Rd1 O-O 20. Bc5 Rc8 21. Bd6 Re8 22. c4 Bc6 23. c5 g5 24. Bc4 Kg7 25. Ke3 h5 26. Bc7 Nd7 27. Bd6 {Andreikin,D (2729)-Hulka,V (2313) chess.com INT 2024 1-0 (46)}) ({RR} 12... Na5 13. Nxa5 Bxa5 14. Kf2 h6 15. Be3 Rc8 16. Be2 Bxc3 17. Rxc3 Rxc3 18. bxc3 e5 19. Rd1 O-O 20. Bc5 Rc8 21. Bd6 Re8 22. c4 Bc6 23. c5 g5 24. Bc4 Kg7 25. Ke3 h5 26. Bc7 Nd7 27. Bd6 {Andreikin,D (2729)-Hulka,V (2313) chess.com INT 2024 1-0 (46)}) 13. Be2 Bb5 14. a3 Bxe2 15. Kxe2 Be7 16. Na4 b5 17. Nb6 Rd8 18. Nc8 Bf8 19. Na5 h6 20. Be3 Nd3 21. Rc7 Nxb2 22. Nb6 Bd6 23. Ra7 Na4 24. Nc6 Nxb6 25. Nxd8 1-0

[Event "FIDE World Cup"]
[Site "Krasnaya Polyana"]
[Date "2021.07.15"]
[Round "2.1"]
[White "Shirov, Alexei"]
[Black "Zherebukh, Yaroslav"]
[Result "1-0"]
[WhiteElo "2662"]
[BlackElo "2620"]
[PlyCount "47"]
[EventDate "2021.07.12"]
[EventType "k.o."]
[EventRounds "8"]
[EventCountry "RUS"]
[SourceTitle "CBM 203"]
[Source "ChessBase"]
[SourceDate "2021.08.31"]
[SourceVersion "1"]
[SourceVersionDate "2021.08.31"]
[SourceQuality "1"]

1. d4 d5 2. c4 c6 3. Nf3 Nf6 4. e3 e6 5. b3 Ne4 6. Nbd2 Bb4 7. Bd3 f5 8. Ne5 ({RR} 8. O-O O-O 9. a3 Bd6 10. Bb2 Nd7 11. Ne5 Qc7 12. Ndf3 Nxe5 13. Nxe5 Nc5 14. Bc2 Nd7 15. f4 Nf6 16. c5 Be7 17. Qe2 Bd7 18. b4 Be8 19. a4 Nd7 20. Nd3 Kh8 21. b5 g5 22. fxg5 Bxg5 {Gontcharov,V (2421)-Miranda Camus,J (2235) chess.com INT 2026 1-0 (54)}) 8... Nd7 $146 ({RR} 8... O-O 9. O-O Nxd2 10. Bxd2 Bd6 11. b4 Nd7 12. f4 Nxe5 13. fxe5 Be7 14. Qb3 a6 15. a4 Bg5 16. g3 Qe8 17. b5 axb5 18. axb5 Bd7 19. cxd5 Rxa1 20. Rxa1 cxd5 21. Ra7 Qc8 22. Kf2 Be7 23. Bb4 {Zaragatski,I (2519)-Rosner,J (2466) Germany 2022 ½-½ (35)}) ({RR} 8... O-O 9. O-O Nd7 10. Ndf3 Qf6 11. Bb2 Bd6 12. Qe2 Qh6 13. b4 Bxb4 14. a4 Bd6 15. Ba3 c5 16. cxd5 exd5 17. Qa2 Ndf6 18. dxc5 Nxc5 19. Bxc5 Bxc5 20. Qc2 Bd6 21. Bxf5 Bxf5 22. Qxf5 Ne4 23. Qd7 {Yakubboev,N (2574)-Bartel,M (2612) Abu Dhabi 2019 ½-½ (42)}) 9. Qh5+ g6 10. Nxg6 Ndf6 11. Qh3 Rg8 12. Ne5 Bc3 13. Bxe4 dxe4 14. Rb1 c5 15. f4 cxd4 16. exd4 Qxd4 17. Ke2 e3 18. Ndf3 Qxf4 19. Bb2 Bxe5 20. Bxe5 Qe4 21. Rbc1 Nd7 22. Bd6 f4 23. Rhd1 e5 24. Qe6+ 1-0

[Event "Bundesliga 2023-24"]
[Site "Viernheim GER"]
[Date "2024.02.23"]
[Round "9.4"]
[White "Bluebaum, M."]
[Black "Nakamura, Hi"]
[Result "1/2-1/2"]
[WhiteElo "2668"]
[BlackElo "2780"]
[PlyCount "45"]
[EventDate "2023.10.21"]
[WhiteTeam "Schachfreunde Deizisau"]
[BlackTeam "SC Viernheim"]

1. d4 d5 2. c4 e6 3. Nf3 a6 4. cxd5 exd5 5. Nc3 c6 6. Qc2 Nf6 7. Bg5 Be6 8. e3 h6 9. Bf4 c5 10. dxc5 Bxc5 11. Be2 Nc6 12. O-O ({RR} 12. Rd1 Qe7 13. O-O O-O 14. Ne5 Bd6 15. Nxc6 bxc6 16. Bxd6 Qxd6 17. Na4 Nd7 18. Rc1 Rfc8 19. Rfd1 c5 20. Bf3 Ra7 21. Bxd5 Bxd5 22. Nc3 Nf6 23. Nxd5 Nxd5 24. e4 Nb4 25. Rxd6 Nxc2 26. Rxc2 a5 {Kazakouski,V (2563)-Kaczur,F (2501) Germany GER 2026 ½-½ (78)}) 12... Rc8 13. Rfd1 $146 ({RR} 13. Rad1 Qe7 14. Ne5 O-O 15. Nxc6 Rxc6 16. Bf3 Bb4 17. Be5 Rfc8 18. a3 Bxc3 19. Bxc3 Rc4 20. Qd3 Ne4 21. Bxe4 dxe4 22. Qd6 Qxd6 23. Rxd6 R4c6 24. Rfd1 f6 25. Rxc6 Rxc6 26. Rd4 Rc4 27. Rxc4 Bxc4 {Esipenko,A (2720)-Rakhmanov,A (2657) Ufa 2021 ½-½ (40)}) 13... Qe7 14. Ne5 Bb4 15. Bf3 Bxc3 16. Qxc3 O-O 17. Nxc6 Rxc6 18. Qd2 Rfc8 19. Rac1 Ne4 20. Bxe4 Rxc1 21. Rxc1 Rxc1+ 22. Qxc1 dxe4 23. a3 1/2-1/2

[Event "EU-chT (Men) 18th"]
[Site "Porto Carras"]
[Date "2011.11.06"]
[Round "4.1"]
[White "Giri, Anish"]
[Black "Ivanisevic, Ivan"]
[Result "1/2-1/2"]
[WhiteElo "2714"]
[BlackElo "2636"]
[PlyCount "41"]
[EventDate "2011.11.03"]
[EventType "team-swiss"]
[EventRounds "9"]
[EventCountry "GRE"]
[SourceTitle "CBM 146"]
[Source "ChessBase"]
[SourceDate "2012.01.18"]
[SourceVersion "1"]
[SourceVersionDate "2012.01.18"]
[SourceQuality "1"]
[WhiteTeam "Netherlands"]
[BlackTeam "Serbia"]
[WhiteTeamCountry "NED"]
[BlackTeamCountry "SRB"]

1. d4 d5 2. c4 c6 3. Nf3 Nf6 4. e3 e6 5. b3 Ne4 6. Bd3 Nd7 7. O-O f5 8. Qc2 a5 9. Ba3 Bxa3 10. Nxa3 O-O 11. Nb1 Qf6 12. Nc3 b6 13. Ne2 $146 ({RR} 13. Rac1 Bb7 14. cxd5 exd5 15. Ne2 Qe7 16. Qb2 Rf6 17. h4 Rh6 18. g3 a4 19. bxa4 Rxa4 20. Nf4 Qa3 21. Qb3 Ra8 22. Rc2 Qxb3 23. axb3 Rf6 24. Rcc1 Ra3 25. Ra1 Rxb3 26. Ra7 Nd6 27. Ne5 Nb8 {Goluch,P (2339)-Solodovnichenko,Y (2514) Roquetas de Mar ESP 2023 1-0 (84)}) ({RR} 13. Rac1 Bb7 14. cxd5 exd5 15. Ne2 Qe7 16. Qb2 Rf6 17. h4 Rh6 18. g3 a4 19. bxa4 Rxa4 20. Nf4 Qa3 21. Qb3 Ra8 22. Rc2 Qxb3 23. axb3 Rf6 24. Rcc1 Ra3 25. Ra1 Rxb3 26. Ra7 Nd6 27. Ne5 Nb8 {Goluch,P (2339)-Solodovnichenko,Y (2514) Roquetas de Mar ESP 2023 1-0 (84)}) 13... Bb7 14. a3 c5 15. cxd5 exd5 16. Bb5 Rfd8 17. Rac1 Rac8 18. dxc5 bxc5 19. Nf4 Nf8 20. Rfd1 Ng6 21. Nxg6 1/2-1/2

[Event "Titled Tue 24th Sep Early"]
[Site "chess.com INT"]
[Date "2024.09.24"]
[Round "6"]
[White "Grandelius, N."]
[Black "Deac, Bogdan-Daniel"]
[Result "1/2-1/2"]
[WhiteElo "2653"]
[BlackElo "2680"]
[PlyCount "39"]
[EventDate "2024.09.24"]

1. Nf3 d5 2. e3 c5 3. d4 Nc6 4. c4 e6 5. cxd5 exd5 6. Bb5 Nf6 7. O-O cxd4 8. Qxd4 $146 ({RR} 8. Nxd4 Bd7 9. b3 Bd6 10. Bb2 O-O 11. Nf3 Re8 12. Nc3 Bg4 13. Be2 Rc8 14. Rc1 Bb8 15. Re1 Qd7 16. Nd4 Qd6 17. g3 h5 18. Ncb5 Qd7 19. Nxc6 bxc6 20. Bxf6 gxf6 21. Nd4 Be5 22. f3 Bh3 {Martinovsky,E (2335)-Stone,R (2345) Los Angeles 1989 1-0 (38)}) ({RR} 8. exd4 Be7 9. Nc3 O-O 10. h3 Bf5 11. Bg5 h6 12. Bh4 Rc8 13. Bd3 Ne4 14. Bxe7 Nxe7 15. Ne2 Qb6 16. Rb1 Nc6 17. a3 Rfe8 18. b4 a6 19. Qb3 Rcd8 20. Rfd1 Ne7 21. Rbc1 Qf6 22. Bb1 Nc6 {Nakamura,H (2768)-Nihal,S (2670) chess.com INT 2022 0-1}) ({RR} 8. exd4) ({RR} 8. Nxd4 Bd7 9. b3 Bd6 10. Bb2 O-O 11. Nf3 a6 12. Be2 Re8 13. Nc3 Bg4 14. h3 Bh5 15. Nh4 Bxe2 16. Nxe2 Ne4 17. Nf5 Bf8 18. Rc1 Rc8 19. Nf4 Nb4 20. Qg4 g6 21. a3 Nc6 22. Rfd1 Ne5 {Deac,B (2655)-Deveci,H (2236) chess.com INT 2025 0-1 (63)}) 8... Bd7 9. Bxc6 bxc6 10. b3 c5 11. Qd3 Be7 12. Nc3 Be6 13. Bb2 O-O 14. Rfd1 h6 15. Rac1 Qa5 16. Qd2 Qa6 17. Qe2 Qa5 18. Qd2 Qa6 19. Qe2 Qa5 20. Qd2 1/2-1/2

[Event "Capablanca Memorial Elite 55th"]
[Site "Havana"]
[Date "2022.04.25"]
[Round "6"]
[White "Yilmaz, Mustafa"]
[Black "Mareco, Sandro"]
[Result "1/2-1/2"]
[WhiteElo "2626"]
[BlackElo "2652"]
[PlyCount "40"]
[EventDate "2022.04.19"]
[EventType "tourn"]
[EventRounds "9"]
[EventCountry "CUB"]
[EventCategory "14"]
[SourceTitle "CBM 208 Extra"]
[Source "ChessBase"]
[SourceDate "2022.07.31"]
[SourceVersion "1"]
[SourceVersionDate "2022.07.31"]
[SourceQuality "1"]

1. d4 d5 2. c4 e6 3. Nf3 a6 4. Bg5 Be7 5. Bxe7 Qxe7 6. Nbd2 Nf6 7. g3 O-O 8. Rc1 c5 ({RR} 8... b6 9. Bg2 Bb7 10. O-O Rc8 11. Qb3 Nbd7 12. Rfd1 c5 13. cxd5 Bxd5 14. Qa3 Kf8 15. dxc5 Rxc5 16. Rxc5 Qxc5 17. b4 Qe7 18. Qb2 a5 19. bxa5 Rxa5 20. Nb3 Qa3 21. Qc3 Rc5 22. Qd2 Bxb3 23. Qd6+ {Deac,B (2680)-Nakamura,H (2802) chess.com INT 2024 0-1}) 9. dxc5 Qxc5 $146 ({RR} 9... d4 10. Nxd4 e5 11. Nc2 Nc6 12. Bg2 Be6 13. O-O Rad8 14. Qe1 h5 15. Ne3 h4 16. Ne4 Nxe4 17. Bxe4 f5 18. Bd5 f4 19. Ng2 hxg3 20. hxg3 Nd4 21. Nh4 Bxd5 22. cxd5 f3 23. exf3 g5 24. Rd1 {Aranha Filho,A (2209)-Soriano Quispe,I (2376) Rio de Janeiro BRA 2026 ½-½ (46)}) 10. cxd5 Qxd5 11. Nc4 Qh5 12. Nce5 Nc6 13. Nxc6 bxc6 14. Qa4 Rb8 15. b3 a5 16. Bg2 Ba6 17. Rc2 Qg6 18. Rb2 Bb5 19. Qa3 Nd5 20. O-O Qf6 1/2-1/2

[Event "BCF-chTb 1819 (4NCL)"]
[Site "Daventry"]
[Date "2019.02.09"]
[Round "5.51"]
[White "Erdos, Viktor"]
[Black "Grandelius, Nils"]
[Result "1/2-1/2"]
[WhiteElo "2604"]
[BlackElo "2678"]
[PlyCount "37"]
[EventDate "2018.11.10"]
[EventType "team-tourn"]
[EventRounds "11"]
[EventCountry "ENG"]
[SourceTitle "CBM 188 Extra"]
[Source "ChessBase"]
[SourceDate "2019.02.26"]
[SourceVersion "1"]
[SourceVersionDate "2019.02.26"]
[SourceQuality "1"]
[WhiteTeam "Manx Liberty"]
[BlackTeam "Cheddleton"]
[WhiteTeamCountry "ENG"]
[BlackTeamCountry "ENG"]

1. d4 d5 2. Nf3 e6 3. c4 a6 4. Bg5 Be7 5. Bxe7 Nxe7 6. e3 O-O 7. Nbd2 Nd7 8. Rc1 b6 9. Be2 ({RR} 9. Bd3 c5 10. O-O Bb7 11. b3 dxc4 12. bxc4 Nf6 13. Qe2 Qc7 14. Rfd1 Rfd8 15. Nf1 cxd4 16. exd4 Qf4 {0-1 (16) Brunner,N (2427)-Grandelius,N (2663) Chess.com INT 2022}) 9... Bb7 10. O-O a5 $146 ({RR} 10... c5 11. dxc5 Nxc5 12. b4 Nd7 13. Qb3 dxc4 14. Nxc4 Bd5 15. Qb1 Nf6 16. a4 Qb8 17. b5 axb5 18. axb5 Rc8 19. Rfd1 Ra7 20. Qb4 Rac7 21. Nfe5 Ng6 22. Ra1 Rc5 23. Nxg6 {½-½ (23) Bai,A (2399)-Galyas,M (2450) Budapest HUN 2022}) ({RR} 10... c5 11. dxc5 Nxc5 12. b4 Nd7 13. Qb3 dxc4 14. Nxc4 Bd5 15. Qb1 Nf6 16. a4 Qb8 17. b5 axb5 18. axb5 Rc8 19. Rfd1 Ra7 20. Qb4 Rac7 21. Nfe5 Ng6 22. Ra1 Rc5 23. Nxg6 {½-½ (23) Bai,A (2399)-Galyas,M (2450) Budapest HUN 2022}) 11. cxd5 Bxd5 12. Qa4 c5 13. Bb5 Ra7 14. Bxd7 Rxd7 15. dxc5 Bc6 16. Qh4 bxc5 17. Ne4 Bxe4 18. Qxe4 Rd5 19. Rc3 1/2-1/2

[Event "Chess.com Classic Play-In"]
[Site "chess.com INT"]
[Date "2024.05.08"]
[Round "5.13"]
[White "Xiong, Jeffery"]
[Black "Nguyen Ngoc Truong Son"]
[Result "1/2-1/2"]
[WhiteElo "2647"]
[BlackElo "2633"]
[PlyCount "35"]
[EventDate "2024.05.08"]

1. d4 d5 2. c4 e6 3. Nf3 a6 4. Bg5 Be7 5. Bxe7 Qxe7 6. Nbd2 Nf6 7. g3 O-O 8. Bg2 b6 ({RR} 8... Rd8 9. Qc2 dxc4 10. Qxc4 b5 11. Qc2 Bb7 12. O-O Rc8 13. Nb3 Nbd7 14. Na5 Be4 15. Qd2 c5 16. dxc5 Rxc5 17. Rac1 Rac8 18. Rxc5 Rxc5 19. Rc1 Bd5 20. Nd4 Bxg2 21. Kxg2 Qd6 22. Rxc5 Nxc5 23. Ndb3 {Xiong,J (2636)-Nakamura,H (2802) chess.com INT 2024 0-1 (46)}) 9. cxd5 exd5 10. O-O h6 $146 ({RR} 10... c5 11. Nb1 c4 12. Ne5 Bb7 13. Nc3 b5 14. a3 Nbd7 15. f4 Nb6 16. Qc2 Rfe8 17. g4 Ne4 18. Nxe4 dxe4 19. g5 f6 20. gxf6 gxf6 21. Ng4 Nd5 22. Nh6+ Kh8 23. Nf5 Qe6 24. Bh3 Rg8+ 25. Kh1 {Itkis,B (2241)-Gorovets,A (2427) chess.com INT 2026 0-1 (34)}) ({RR} 10... Bb7 11. Rc1 a5 12. Re1 c5 13. dxc5 bxc5 14. e4 Nxe4 15. Nh4 Qf6 16. Nxe4 dxe4 17. Rxc5 Na6 18. Rxa5 Qxb2 19. Bxe4 Bxe4 20. Rxe4 Rad8 21. Rd5 Rxd5 22. Qxd5 Nb4 23. Qb3 Qxb3 24. axb3 Rb8 25. Nf3 {Ding,L (2805)-Carlsen,M (2861) Cupar 2019 ½-½ (65)}) 11. Rc1 Be6 12. Qb3 Rc8 13. e3 Nbd7 14. Rc6 Nb8 15. Rc2 Nbd7 16. Rc6 Nb8 17. Rc2 Nbd7 18. Rc6 1/2-1/2

[Event "Maalot Tarshiha"]
[Site "Maalot Tarshiha"]
[Date "2008.01.09"]
[Round "3"]
[White "Khenkin, Igor"]
[Black "Roiz, Michael"]
[Result "1/2-1/2"]
[WhiteElo "2602"]
[BlackElo "2659"]
[PlyCount "35"]
[EventDate "2008.01.07"]
[EventType "tourn"]
[EventRounds "9"]
[EventCountry "ISR"]
[EventCategory "15"]
[SourceTitle "CBM 122"]
[Source "ChessBase"]
[SourceDate "2008.01.30"]
[SourceVersion "1"]
[SourceVersionDate "2008.01.30"]
[SourceQuality "1"]

1. d4 d5 2. c4 c6 3. Nf3 Nf6 4. Qb3 e6 5. Bg5 h6 6. Bxf6 Qxf6 7. Nbd2 dxc4 8. Nxc4 c5 9. e3 cxd4 10. Nce5 $146 ({RR} 10. exd4 Nc6 11. a3 Be7 12. Rd1 O-O 13. Be2 Rd8 14. Qe3 b6 15. b4 Bf8 16. Nfe5 Bb7 17. O-O Ne7 18. Ng4 Qh4 19. Bf3 Nf5 20. Qf4 Bxf3 21. Qxf3 h5 22. Nge5 f6 23. Nc6 Re8 24. Rfe1 Rac8 {Kucuksari,K (2337)-Ivanov,S (2478) Stockholm 2020 ½-½ (57)}) ({RR} 10. exd4 Nc6 11. a3 Be7 12. Rd1 O-O 13. Be2 Rd8 14. Qe3 b6 15. b4 Bf8 16. Nfe5 Bb7 17. O-O Ne7 18. Ng4 Qh4 19. Bf3 Nf5 20. Qf4 Bxf3 21. Qxf3 h5 22. Nge5 f6 23. Nc6 Re8 24. Rfe1 Rac8 {Kucuksari,K (2337)-Ivanov,S (2478) Stockholm 2020 ½-½ (57)}) 10... a6 11. exd4 Bd6 12. Bd3 O-O 13. O-O Nc6 14. Nxc6 bxc6 15. Rac1 Rb8 16. Qc2 Rd8 17. Qe2 c5 18. dxc5 1/2-1/2

[Event "60th Rubinstein Mem"]
[Site "Polanica Zdroj POL"]
[Date "2024.08.19"]
[Round "3.4"]
[White "Wojtaszek, R."]
[Black "Bartel, Mat"]
[Result "1/2-1/2"]
[WhiteElo "2680"]
[BlackElo "2630"]
[PlyCount "35"]
[EventDate "2024.08.17"]

1. d4 d5 2. c4 e6 3. Nf3 c6 4. Nbd2 Nf6 5. e3 b6 6. Bd3 Bb7 7. O-O ({RR} 7. e4 dxe4 8. Nxe4 Nbd7 9. O-O Nxe4 10. Bxe4 Nf6 11. Bc2 Be7 12. h3 O-O 13. Be3 Rc8 14. c5 Ba6 15. Re1 Nd5 16. Qd2 Bf6 17. Bg5 Bxg5 18. Nxg5 Nf6 19. Qe3 Bc4 20. Ne4 Nxe4 21. Qxe4 g6 {Schilstra,L (2162)-Smeets,K (2380) Delft NED 2025 0-1 (73)}) 7... Be7 ({RR} 7... Nbd7 8. e4 dxe4 9. Nxe4 Nxe4 10. Bxe4 Bd6 11. Qe2 Qc7 12. Bg5 h6 13. Bh4 O-O 14. Rad1 Rfe8 15. Bg3 Bxg3 16. fxg3 Rad8 17. c5 bxc5 18. g4 cxd4 19. g5 c5 20. gxh6 gxh6 21. Nd2 f5 22. Qh5 {Nakamura,H (2741)-Carlsen,M (2870) Kolkata 2019 ½-½ (32)}) 8. b3 O-O 9. Bb2 $146 ({RR} 9. Qe2 c5 10. dxc5 Bxc5 11. Bb2 dxc4 12. Nxc4 Nbd7 13. Rad1 Qe7 14. e4 Rfd8 15. e5 Nd5 16. Qe4 Nf8 17. Qg4 Nb4 18. Bb1 Rxd1 19. Rxd1 Rd8 20. Rd2 Bxf3 21. Qxf3 b5 22. Qd1 Rxd2 23. Nxd2 Qd7 {Checa,N (2437)-Mulyar,M (2400) Washington DC 2015 ½-½ (42)}) 9... a5 10. Rc1 Na6 11. Ne5 c5 12. cxd5 Qxd5 13. Ndf3 cxd4 14. Bc4 Qe4 15. Bd3 Qd5 16. Bc4 Qe4 17. Bd3 Qd5 18. Bc4 1/2-1/2

[Event "EU-chT 23rd"]
[Site "Terme Catez"]
[Date "2021.11.20"]
[Round "8.3"]
[White "Gledura, Benjamin"]
[Black "Van Foreest, Jorden"]
[Result "1/2-1/2"]
[WhiteElo "2635"]
[BlackElo "2701"]
[PlyCount "34"]
[EventDate "2021.11.12"]
[EventType "team-swiss"]
[EventRounds "9"]
[EventCountry "SLO"]
[SourceTitle "CBM 205"]
[Source "ChessBase"]
[SourceDate "2021.11.30"]
[SourceVersion "1"]
[SourceVersionDate "2021.11.30"]
[SourceQuality "1"]
[WhiteTeam "Hungary"]
[BlackTeam "Netherlands"]
[WhiteTeamCountry "HUN"]
[BlackTeamCountry "NED"]

1. d4 d5 2. c4 e6 3. Nf3 c5 4. e3 Nf6 5. cxd5 exd5 6. Bb5+ Nbd7 7. dxc5 ({RR} 7. O-O a6 8. Bxd7+ Bxd7 9. dxc5 Bxc5 10. b3 O-O 11. Bb2 Bg4 12. h3 Bh5 13. Nbd2 Qe7 14. Rc1 Rac8 15. Qc2 Ne4 16. b4 Nxd2 17. Nxd2 Bxe3 18. Qxc8 Bxd2 19. Rc7 Qg5 20. Qd7 Bf3 21. g3 h5 {Andreikin,D (2710)-Muradli,M (2581) Doha QAT 2025 1-0 (60)}) 7... a6 ({RR} 7... Bxc5 8. O-O O-O 9. Nc3 Nb6 10. b3 Bg4 11. h3 Bh5 12. Bb2 Qe7 13. Be2 Ba3 14. Bxa3 Qxa3 15. Qd4 Qe7 16. Rfc1 Rfc8 17. a4 Ne4 18. a5 Nxc3 19. Rxc3 Rxc3 20. Qxc3 Nc8 21. Rc1 Nd6 22. Qc5 {Stocek,J (2482)-Mikulka,M (2163) Teplice CZE 2026 1-0 (35)}) 8. Be2 Nxc5 9. O-O Be7 $146 ({RR} 9... Bd6 10. b3 O-O 11. Bb2 Qe7 12. Qd4 Nce4 13. Nc3 Be6 14. Rac1 Rfd8 15. h3 h6 16. Rfd1 Bc5 17. Qe5 Bd6 18. Qd4 Kh8 19. Bf1 Bc7 20. Ne2 Rac8 21. Ne5 Kg8 22. Nf4 Bf5 23. Be2 Ng5 24. Bh5 {Gacek,W (2052)-Majek,K (2166) Warsaw 2025 ½-½}) 10. b3 O-O 11. Bb2 Bf5 12. Nc3 Rc8 13. Rc1 Qd7 14. Nd4 Bg6 15. Nf3 Bf5 16. Nd4 Bg6 17. Nf3 Bf5 1/2-1/2